00705nai a2200181Ia 4500003000900000008004100009022002200050022002300072040001600095245005200111260008600163310001400249362002900263521006900292650003000361650004400391856008800435IN-BaIIA211028c9999 xx s 000 0 eng d a0895-0156 (Print) a1558-4151 (Online) cIIA Library 0aIEEE Computer Applications in Powerh[eJournal] aNew York, USAbThe Institute of Electrical and Electronics Engineers, Inc. (IEEE) aQuarterly a1(1); 1988 - 15(4); 2002 bSubscribed through National Knowledge Resource Consortium (NKRC) a Computing and Processing aPower, Energy and Industry Applications uhttps://ieeexplore.ieee.org/servlet/opac?punumber=67yClick Here to Access eJournal